| 000 | 00457nam a2200157 i 4500 | ||
|---|---|---|---|
| 001 | 36630 | ||
| 003 | ES-MaACL | ||
| 005 | 20230906155415.0 | ||
| 007 | t| | ||
| 008 | 030218s1919 xxu ||||1| spa d | ||
| 100 | 1 |
_aBrown, Nelson Courtlandt. _932016 |
|
| 245 | 1 | 3 |
_aLa industria maderera de los Estados Unidos / _cNelson Courtlandt Brown. |
| 260 |
_aChicago : _b[s.n., _c1919?] |
||
| 650 | 4 |
_aIndustria de la madera. _9172198 |
|
| 852 |
_aES-MaACL _j1587-F-13 |
||
| 999 |
_c36630 _d36630 |
||